Southville International School and Colleges
Your cart is empty.
  • Cart
  • Lists
    Public lists Eva Luna New books Lux_list list_1
    Your lists Log in to create your own lists
  • Log in to your account
  • Your cookies
  • Search history
Southville International School and Colleges
  • Advanced search
  • Recent comments
  • Most popular
  • Libraries

Log in to your account

Log in with GOOGLE


If you do not have an external account, but do have a local account, you can still log in:

  1. Home
  2. MARC view: Bug bunch, The : the new bug /
Normal view MARC view ISBD view

Bug bunch, The : the new bug / (Record no. 111172)

[ view plain ]
MARC details
000 -LEADER
fixed length control field 00594nam a2200181 a 4500
001 - CONTROL NUMBER
control field 3034
005 - DATE AND TIME OF LATEST TRANSACTION
control field 20140414131910.0
008 - FIXED-LENGTH DATA ELEMENTS--GENERAL INFORMATION
fixed length control field 060131s19uu xx 00 eng d
020 ## - INTERNATIONAL STANDARD BOOK NUMBER
International Standard Book Number 0-439-46641-5
050 ## - LIBRARY OF CONGRESS CALL NUMBER
Classification number ER
Item number B85 2003
100 ## - MAIN ENTRY--PERSONAL NAME
Personal name Bennett, Elizabeth
245 ## - TITLE STATEMENT
Title Bug bunch, The : the new bug /
Statement of responsibility, etc by Elizabeth Bennett ; illustrated by Jeffrey Scherer.
260 ## - PUBLICATION, DISTRIBUTION, ETC. (IMPRINT)
Place of publication, distribution, etc New York :
Name of publisher, distributor, etc Scholastic,
Date of publication, distribution, etc 2003.
300 ## - PHYSICAL DESCRIPTION
Extent 32 p. : ill. ; cm.
500 ## - GENERAL NOTE
General note Contents: School Bell--The New Bug--Skatedboards--Shop Talk--Old Friend--Welcome Back.
650 ## - SUBJECT ADDED ENTRY--TOPICAL TERM
Topical term or geographic name as entry element Children stories.
Holdings
Withdrawn status Lost status Damaged status Use restrictions Home library Current library Shelving location Date acquired Source of acquisition Cost, normal purchase price Total Checkouts Full call number Barcode Date last seen Price effective from Koha item type
        Munich Library Munich Library Easy Reading Section 01/31/2006   80.00   ER B85 2003 M1760 04/14/2014 04/14/2014 Books

Bug bunch, The : the new bug /

APA

Bennett E., . (2003). Bug bunch, The : the new bug. New York: Scholastic.

Chicago

Bennett Elizabeth, . 2003. Bug bunch, The : the new bug. New York: Scholastic.

Harvard

Bennett E., . (2003). Bug bunch, The : the new bug. New York: Scholastic.

MLA

Bennett Elizabeth, . Bug bunch, The : the new bug. New York: Scholastic. 2003.

  • Place hold
  • Print
  • Cite
  • Add to your cart (remove)
  • Save record
    BIBTEX Dublin Core MARCXML MARC (non-Unicode/MARC-8) MARC (Unicode/UTF-8) MARC (Unicode/UTF-8, Standard) MODS (XML) RIS
  • More searches
    Search for this title in:
    Other Libraries (WorldCat) Other Databases (Google Scholar) Online Stores (Bookfinder.com) Open Library (openlibrary.org)

Exporting to Dublin Core...

SOUTHVILLE LIBRARY

Southville International School and Colleges Library

1281 Tropical Ave. Cor. Luxembourg St., BF Homes International, Las Pinas City

Tel. No. 8256374 / 252358 Loc. 117/146

Powered by Koha